00447 a2200121 4500001000900000005001700009008004100026245012500067100001900192700002400211773007300235999001700308ART_354820260410161716.0260409a 10aInnovación genética, esfuerzos, públicos de investigación y desarrollo y la frontera tecnológica internacional1 aKatz, Jorge M.1 aBercovich, Néstor0 tDesarrollo económicog- Vol. 28, Nº 110 (jul./sep. 1988)wREV1174 c16495d16495